000 00246pam a2200133 a 4500
020 _c
041 _h
100 _aShobha Hebber
245 _aPriya the Parrot
260 _c1993
300 _a38
653 _aNatural History
930 _a928
999 _c246781
_d246781